LEADER 01227nam--2200385---450- 001 990001263900203316 005 20031118153319.0 035 $a000126390 035 $aUSA01000126390 035 $a(ALEPH)000126390USA01 035 $a000126390 100 $a20031118d1982----km-y0itay0103----ba 101 0 $aeng 102 $aGB 105 $a||||||||001yy 200 1 $a<> finite element method in engineering$fby S. S. Rao 210 $aOxford$cPergamon$d1982 215 $aXXVI, 625 p.$d23 cm. 225 2 $aPergamon international library of science, technology, engineering and social studies 410 0$12001$aPergamon international library of science, technology, engineering and social studies 454 1$12001 461 1$1001-------$12001 606 0 $aMetodo degli elementi finiti 606 0 $aIngegneria matematica 676 $a620.001 5 700 1$aRAO,$bS. S.$0556950 801 0$aIT$bsalbc$gISBD 912 $a990001263900203316 951 $a620.001 5 RAO (a)$b18405 Ing.$cRAO 959 $aBK 969 $aTEC 979 $aSIAV4$b10$c20031118$lUSA01$h1533 979 $aPATRY$b90$c20040406$lUSA01$h1730 996 $aFinite element method in engineering$9987247 997 $aUNISA LEADER 01373nam0-22003851i-450- 001 990005425210203316 005 20010829120000.0 035 $a000542521 035 $aUSA01000542521 035 $a(ALEPH)000542521USA01 035 $a000542521 100 $a20010829d1988-------|0itac50------ba 101 $aita 102 $aIT 105 $a||||Z 1|||| 200 1 $a<> mercato finanziario unico nella CEE$el'atto unico, la libera circolazione d ei capitali, la costituzione e la fusione delle società , la banca centrale e la borsa unica europea. La normativa CEE sul mercato unico$fTommaso Sessa, Antoni o Scaglione 210 $aMilano$cPirola$d1988 - 229 p. ; 24 cm 606 $aFinanza internazionale$2FI 606 $aComunità economica europea$xMercato finanziario$2FI 620 $dMilano 676 $a332.042$cFinanza internazionale$v21 700 1$aSESSA,$bTommaso$0366595 701 1$aSCAGLIONE,$bAntonio$0227787 712 $aPirola Editore 801 $aIT$bSOL$c20120104 912 $a990005425210203316 950 $aDIP.TO SCIENZE ECONOMICHE - (SA)$dDS 300 332.042 SES$e4419 DISES 951 $a300 332.042 SES$b4419 DISES 959 $aBK 969 $aDISES 979 $c20121027$lUSA01$h1531 979 $c20121027$lUSA01$h1612 996 $aMercato finanziario unico nella CEE$91142775 997 $aUNISA NUM $aUSA1512